Software Agents / (Record no. 594942)
[ view plain ]
| 000 -LEADER | |
|---|---|
| fixed length control field | 00566nam a22001337a 4500 |
| 020 ## - INTERNATIONAL STANDARD BOOK NUMBER | |
| International Standard Book Number | 0262522349 |
| 040 ## - CATALOGING SOURCE | |
| Transcribing agency | NUST |
| 082 ## - DEWEY DECIMAL CLASSIFICATION NUMBER | |
| Classification number | 006.3,SOF |
| 245 ## - TITLE STATEMENT | |
| Title | Software Agents / |
| Statement of responsibility, etc. | Edited by Jeffrey M. Bradshaw |
| 260 ## - PUBLICATION, DISTRIBUTION, ETC. | |
| Place of publication, distribution, etc. | American |
| Name of publisher, distributor, etc. | United States of America |
| Date of publication, distribution, etc. | 1997 |
| 300 ## - PHYSICAL DESCRIPTION | |
| Extent | 480 p.; |
| 505 ## - FORMATTED CONTENTS NOTE | |
| Statement of responsibility | Introducation (Page-3), Agebts and the User Experince (Page-49), From Direct Manipulation to Delegration (Page-57), Agents for Learning and Intelligent Assistance (Page-109), Agents Communication, Collaboration, and Mobility (Page-271). |
| 942 ## - ADDED ENTRY ELEMENTS (KOHA) | |
| Source of classification or shelving scheme | |
| Koha item type | Book |
| Call number prefix | 006.3,SOF |
| Withdrawn status | Lost status | Source of classification or shelving scheme | Damaged status | Not for loan | Permanent Location | Current Location | Shelving location | Date acquired | Full call number | Barcode | Date last seen | Price effective from | Koha item type | Public note |
|---|---|---|---|---|---|---|---|---|---|---|---|---|---|---|
| Military College of Signals (MCS) | Military College of Signals (MCS) | General Stacks | 06/10/2023 | 006.3,SOF | MCS28346 | 06/10/2023 | 06/10/2023 | Book Bank | Almirah No.81, Shelf No.4 |
